000 01165ngm a22003130a 4500
001 PT14848
003 AR-LpoUNG
005 20210202000009.0
007 vd cvaizq
008 191001s1993||||ag |||||||||||||||||spa d
040 _aAR-LpoUNG
_bspa
_cAR-LpoUNG
_eaacr
041 _aspa
044 _aag
082 0 _a796.830 982 118gat
100 1 _aFavio, Leonardo
245 1 0 _aGatica :
_bel mono
260 _aBuenos Aires :
_bTransmundo Home Video,
_c1993.
300 _aVHS (128 min.) : son., col.
520 _aAscenso y caída de José María Gatica, boxeador argentino polémico y legendario. Gatica el mono fue uno de los boxeadores argentinos más populares de los años cuarenta. Retratado desde su infancia en Buenos Aires hasta su éxito veinte años más tarde. Sus múltiples combates con famosos boxeadores y su dramático fracaso condicionado por los cambios políticos después de la muerte de Perón.
650 4 _aANALISIS HISTORICO
650 4 _aARGENTINA
650 4 _aASPECTOS POLITICOS
650 4 _aASPECTOS SOCIALES
650 4 _aDEPORTES
651 4 _aArgentina
653 _aVIDEOS
905 _a14848
942 _cVIDEO
999 _c53936
_d53936